000 00813nam a2200253 i 4500
003 DO-SdBNP
005 20241011100333.0
007 ta
008 241011b2005 xxua|||| |||| 00| 0 spa d
020 _a9781597541213
040 _aDO-SdBNP
_bspa
_cBNPHU
_erda
082 4 _222
100 _aRamos, Victor Manuel,
_dautor
_eaut.
_986670
245 1 0 _aMorirsoñando :
_bcuentos agridulces, 1998-2005 /
_cVíctor Manuel Ramos
264 4 _aEstado Unidos :
_bEditora LibrosEnRed,
_c2005.
300 _a117 páginas :
_bilustraciones ;
_c22 cm.
336 _atexto
_btxt
_2rdacontent
337 _asin mediación
_bn
_2rdamedia
338 _avolumen
_bnc
_2rdacarrier
500 _aIncluye datos biográficos del autor en la contracubierta
590 _aInventariado, 2024/BT
910 _aBtavárez
942 _2ddc
_cLBS1
999 _c57825
_d57825